[Event "EU-Cup 18th"]
[Site "Kallithea"]
[Date "2002.09.26"]
[Round "5.1"]
[White "Sherwin, James T"]
[Black "Atalik, Suat"]
[Result "0-1"]
[WhiteElo "2344"]
[BlackElo "2551"]
[Annotator "Atalik,S"]
[PlyCount "90"]
[EventDate "2002.09.22"]
[EventType "team-swiss"]
[EventRounds "7"]
[EventCountry "GRE"]
[SourceTitle "CBM 092"]
[Source "ChessBase"]
[SourceDate "2003.02.06"]
[SourceVersion "1"]
[SourceVersionDate "2003.02.06"]
[SourceQuality "1"]
[WhiteTeam "Bristol"]
[BlackTeam "Sarajevo Napredak"]
[WhiteTeamCountry "ENG"]
[BlackTeamCountry "BIH"]

1. d4 e6 2. c4 Bb4+ 3. Bd2 a5 4. Nf3 d6 5. e4 $6 {This move expands whites
center unnecessarily.} Nf6 6. Bxb4 $5 {A new conception.} (6. Bd3 {Usual is} e5
7. dxe5 dxe5 8. Nxe5 Qd4 9. Bxb4 (9. Qa4+ b5 10. Qxb5+ Nbd7 $17) 9... axb4 10.
Nf3 Qxb2 11. Nbd2 Nc6 12. O-O Nd7 $15) 6... axb4 7. Nbd2 O-O 8. Qc2 (8. Qb3 Nc6
(8... Na6 9. Be2 Nd7 10. O-O e5 $11) (8... c5 9. e5 dxe5 10. dxe5 Nfd7 11. Qe3
Nc6 12. Bd3 Qc7 $17) 9. d5 exd5 10. cxd5 (10. exd5 $2 Re8+ 11. Be2 Na5 12. Qxb4
Qe7 13. Ng1 c6 $17) 10... Na5 11. Qxb4 Re8 12. Bb5 c6 13. dxc6 Nxc6 14. Bxc6
bxc6 $36) 8... Qe7 9. Be2 {Probably the most accurate.} (9. e5 dxe5 10. dxe5
Nfd7 11. Bd3 h6) 9... e5 10. dxe5 $2 {But this exchange is too much.} (10. O-O
exd4 (10... c5 11. d5 Nh5 12. g3 g6 13. a3 Na6 $15) (10... Re8 11. dxe5 (11. d5
Nfd7 12. Ne1 Nc5 13. Nd3 Nba6) 11... dxe5 12. c5 Nc6 13. Bb5 Bd7) 11. Nxd4 Re8
12. Rfe1 Na6 (12... Nbd7 13. Qb3 (13. Nf5 Qe5 14. Ne3 Nc5 15. Nd5 Nxd5 16. cxd5
Bd7) 13... c5 14. Nf5 Qf8 15. a3 bxa3 16. Rxa3 Rxa3 17. Qxa3 Ne5 18. Ne3 $11)
13. Bf1 Nc5 {with an easy game for black.}) 10... dxe5 11. O-O c5 $1 $15 12.
Rfe1 Nc6 13. Nb3 b6 $1 ({I was not so sure about the standart knight
implantation in d4.} 13... Ne8 14. Nfd2 Nc7 15. Nf1 Ne6 16. Ne3 Ncd4 17. Nxd4
Nxd4 18. Qd3 $15) 14. Nfd2 Bb7 15. Nf1 Nd4 16. Nxd4 cxd4 $17 (16... Bxe4 $2 {
is absolutely unnecessary.} 17. Nf5 Qd7 18. Nh6+ gxh6 19. Qc1 $44) 17. Bd3 Nd7
18. Qd2 Ra7 $1 (18... Nc5 $5 19. Qxb4 f5 {looks tremendous too.}) 19. Ng3 Rfa8
20. Nf5 Qf8 21. Bb1 g6 22. Ng3 Nc5 $19 {With a total dominance.Now white has
rightfully decided to sac the exchange.} 23. Qxb4 Ra4 24. Qd2 ({b6 pawn is
poisonous.} 24. Qxb6 $2 R8a6 25. Qc7 f6 $19 {and the queen falls.}) 24... Nb3
25. axb3 Rxa1 26. h4 h5 $1 {And important move outproduct of calculation.} 27.
Nf1 (27. Qg5 $2 Qd8 $1 28. Qxe5 d3 29. Rd1 d2 $19 {decides the game at once.})
27... Qd8 {I was too materialistic in the second part of the game!} (27... Qe7
28. g3 Rxb1 29. Rxb1 Bxe4 30. Re1 f5 (30... Qb7 31. f3 Bxf3 32. Rxe5 Qd7 $19)
31. Qh6 Qg7 32. Qxg7+ Kxg7 33. Nd2 Kf6 $1 34. Nxe4+ fxe4 35. Rxe4 Ra1+ 36. Kg2
d3 $19) 28. g3 Qd7 29. f3 Qh3 30. Qg5 Re8 31. Qf6 (31. Nd2 Kg7) 31... Re6 32.
Qg5 Kg7 33. Qd2 Rf6 34. Qe2 Rd6 35. Qd3 Rd8 36. Rd1 Ba6 $6 {In time trouble
black misses an important theme.} (36... f5 $142 $1 37. exf5 Qxf5 $19) 37. Qd2
Rc8 {I have wanted to rewind.} (37... b5 38. Bd3 Rxd1 39. Qxd1 Ra8 40. Qe1 (40.
cxb5 Bb7)) 38. Qb4 Rc6 39. Qe7 Re6 40. Qd8 $2 {Notorious 40th move.} (40. Qd7
g5 $1 41. hxg5 h4 42. g6 $1 Kxg6 43. Qd8 Kh7 44. Qxh4+ Qxh4 45. gxh4 Rh6 46.
Ng3 Rxh4 47. Nf5 Rh5 48. Nd6 Kg7 49. f4 exf4 50. Nf5+ Kf6 51. Nxd4 Bb7 52. Rf1
Rh3 $19) 40... Rf6 $19 {Now it is completely over.} 41. Bc2 (41. Qe7 Rxf3 42.
Qxe5+ Kh7 43. Qxd4 Bb7 $19) 41... Ra2 42. f4 Rxb2 (42... exf4 43. Qxd4 (43. e5
Re6) 43... fxg3 44. Qc3 Qxh4 45. Nxg3 Qg5) 43. Rd2 Bb7 {This the best but
almost anything wins here.} (43... exf4 44. e5 (44. Qxd4 fxg3 45. Ne3 Ra2 $19)
44... Re6 45. Bf5 Qxf5 46. Rxb2 Qxe5 $19) 44. Qe7 d3 {Curtains.} (44... Bxe4 $2
45. Rh2) 45. Qxe5 Rxc2 0-1

[Event "SRB-chT"]
[Site "Kragujevac"]
[Date "2015.08.21"]
[Round "2.1"]
[White "Atalik, Suat"]
[Black "Bokros, Albert"]
[Result "1/2-1/2"]
[WhiteElo "2565"]
[BlackElo "2472"]
[Annotator "Atalik,S"]
[PlyCount "95"]
[EventDate "2015.08.20"]
[EventType "team-tourn"]
[EventRounds "11"]
[EventCountry "YUG"]
[SourceTitle "EXT 2016"]
[Source "ChessBase"]
[SourceDate "2015.10.08"]
[SourceVersion "1"]
[SourceVersionDate "2015.10.08"]
[SourceQuality "1"]
[WhiteTeam "Kraljevo Sloga Turist"]
[BlackTeam "Krajisnik Krajina"]
[WhiteTeamCountry "SRB"]
[BlackTeamCountry "SRB"]

1. d4 e6 2. c4 Bb4+ 3. Nd2 b6 4. a3 Bxd2+ 5. Qxd2 Bb7 {I have found this move
risky. With queens of White would not feel that he is lagging in development.}
(5... Nf6 6. Nf3 Bb7 7. e3 O-O 8. Be2 {brings the game into the realm of
Bogo-Indian.}) 6. Qg5 $5 Qxg5 7. Bxg5 d6 8. f3 h6 9. Bd2 $5 (9. Bh4 {looks
more normal but I wanted to keep the bishops away from the scene of action not
to be forced to exchange them.}) 9... Nd7 (9... c5 10. dxc5 bxc5 11. Bc3 Nf6
12. e3 $14) 10. e3 Ngf6 11. Ne2 e5 (11... c5 12. Nc3 cxd4 13. exd4 d5 14. cxd5
Nxd5 15. Nxd5 Bxd5 16. Ba6 $14) 12. Nc3 a6 (12... exd4 13. exd4 d5 14. cxd5 $14
) 13. Kf2 O-O 14. b4 a5 $6 {This is one of the milestones in Black's coming
difficulties.} 15. Be2 (15. bxa5 bxa5 16. Nb5 Rfc8 $16) 15... axb4 16. axb4
Rxa1 17. Rxa1 Ra8 18. Rxa8+ Bxa8 19. d5 $1 $16 {In spite of too many exchanges
Black is in dire straits.} (19. Nb5 Ne8) 19... Kf8 20. e4 $6 ({I have missed
the opportunity to prevent c5.} 20. Nb5 Ne8 21. Na7 $1 (21. e4 c5) 21... Bb7
$16) 20... Ke7 21. h4 (21. Nb5 c5 $1) 21... Bb7 22. Nb5 (22. Nd1 Bc8 23. Ne3 {
looks promising than what I did.}) 22... c5 23. dxc6 Bxc6 24. Nc3 Kd8 25. Be3 (
25. g3 Kc7 26. Ke3 {is another set up to push f4.}) 25... Kc7 26. Bd1 Nf8 27.
Ba4 $2 {Any plan White should devise should most likely be based on keeping
the pair of bishops.} (27. g3 Ng8 28. Ke2 Ne7 29. Bc2 $16) 27... Bxa4 28. Nxa4
N8d7 29. g4 {The continuation of my plan.} (29. Ke2 Kc6 (29... Nh5 $2 30. Nc3
Nf4+ 31. Bxf4 exf4 32. Nd5+ Kb7 33. Kd3 Ne5+ 34. Kd4 $18) 30. Nc3 Kb7 31. Kd3
Nb8 32. Bd2 Na6 33. Nd1 h5 $132) 29... h5 $1 30. g5 (30. gxh5 Nxh5 31. Nc3 Nhf6
$14) 30... Ng8 31. Nc3 Ne7 $14 32. Kg3 {White's advantage seriously diminished
since he is hooked on h4.} Kc6 33. Nd5 Nxd5 34. exd5+ Kc7 35. f4 f5 $1 $11 36.
gxf6 gxf6 37. Kf3 f5 38. fxe5 dxe5 39. Bg5 (39. c5 bxc5 (39... Nf6 40. cxb6+
Kb7 41. d6) 40. bxc5 Nf6 41. Bf4 $1 $11 {is another way to finish the game as
a draw and I have seen that during the game.}) 39... Kd6 40. Bd8 b5 41. cxb5
Kxd5 42. Bc7 Nf8 $1 (42... f4 43. Ke2 Nf8 {comes to the same.}) 43. b6 Kc6 44.
Bxe5 Kxb6 45. Kf4 Ng6+ 46. Kxf5 Nxh4+ 47. Kg5 Nf3+ 48. Kxh5 1/2-1/2

[Event "Bundesliga 0304"]
[Site "Germany"]
[Date "2004.03.28"]
[Round "13.2"]
[White "Krivoshey, Sergei"]
[Black "Gdanski, Jacek"]
[Result "1-0"]
[WhiteElo "2495"]
[BlackElo "2522"]
[Annotator "Atlas,V"]
[PlyCount "81"]
[EventDate "2003.11.01"]
[EventType "team-tourn"]
[EventRounds "15"]
[EventCountry "GER"]
[SourceTitle "CBM 100"]
[Source "ChessBase"]
[SourceDate "2004.06.01"]
[SourceVersion "1"]
[SourceVersionDate "2004.06.01"]
[SourceQuality "1"]
[WhiteTeam "Hofheim"]
[BlackTeam "Plauen"]
[WhiteTeamCountry "GER"]
[BlackTeamCountry "GER"]

1. Nf3 c5 2. c4 g6 3. d4 Bg7 4. e4 Qb6 5. dxc5 Qxc5 6. Nc3 Bxc3+ 7. bxc3 Qa5 8.
Qc2 d6 9. Be2 Bg4 10. Rb1 Qc7 11. c5 dxc5 12. Qb3 Nf6 13. e5 Be6 14. Bc4 Bxc4
15. Qxc4 Nfd7 16. e6 fxe6 17. O-O Nc6 18. Ng5 Nb6 19. Qxe6 Nd8 20. Qe4 Qc6 21.
Qe5 Qf6 22. Qxc5 O-O 23. Be3 Rc8 $4 ({Although this rook move looks quite
natural, in fact, it's a very bad slip. Correct was Dieser Turmzug wirkt zwar
ganz natürlich, ist aber tatsächlich ein ganz grober Bock. Korrekt war} 23...
Nc6) {[%tqu "En","Black's last move was a big mistake. How would you prove
it?","Exploit the disharmony in the placement of Black's pieces and find a way
to win material.","Use your b1-rook for the decisive blow!","b1b6","This
terrific blow yields White a decisvie material advantage.",5,"De","Der letzte
schwarze Zug war ein schwerer Fehlgriff. Wie würden Sie dies nachweisen?",
"Nutzen Sie die Disharmonie in der Platzierung der schwarzen Figuren zum
Materialgewinn aus.","Versetzen Sie mit Ihrem Turm b1 den entscheidenden
Schlag!","b1b6","Dieser Kraftzug verschafft Weiß entscheidenden
Materialvorteil.",5]} 24. Rxb6 $3 {[%csl Rc8,Rf6,Rf8][%cal Ge3c5,Gc5f8] A
beautiful refutation of Black's careless rook move! Eine wunderschöne
Widerlegung des sorglosen schwarzen Turmzugs!} Rxc5 (24... axb6 {fails to
scheitert an} 25. Qxc8) 25. Rxf6 exf6 ({Or Oder} 25... Rxf6 26. Bxc5 {, and
White is a piece up. und Weiß hat eine Figur mehr.}) 26. Bxc5 fxg5 27. Bxf8
Kxf8 28. Rd1 {The ending is hopeless for Black. Das Endspiel ist hoffnungslos
für Schwarz.} Ke7 29. f3 Nc6 30. Kf2 Ke6 31. Ke3 b6 32. Ke4 h6 33. a4 Na5 34.
Rd8 Nb7 35. Re8+ Kd6 36. Rg8 Nc5+ 37. Kd4 Nxa4 38. Rxg6+ Ke7 39. Rxh6 a5 40. c4
Kf7 41. g3 1-0

[Event "Olympiad-33"]
[Site "Elista"]
[Date "1998.10.03"]
[Round "5.4"]
[White "Avrukh, Boris"]
[Black "Speelman, Jonathan S"]
[Result "1-0"]
[WhiteElo "2565"]
[BlackElo "2600"]
[Annotator "Avrukh,B"]
[PlyCount "79"]
[EventDate "1998.09.29"]
[EventType "team-swiss"]
[EventRounds "13"]
[EventCountry "RUS"]
[SourceTitle "CBM 068"]
[Source "ChessBase"]
[SourceDate "1999.02.01"]
[SourceVersion "1"]
[SourceVersionDate "1999.02.01"]
[SourceQuality "1"]
[WhiteTeam "Israel"]
[BlackTeam "England"]
[WhiteTeamCountry "ISR"]
[BlackTeamCountry "ENG"]

1. d4 e6 2. c4 b6 3. e4 Bb7 4. Bd3 Bb4+ 5. Bd2 Qe7 6. Ne2 (6. Nc3 f5 7. Nge2
Nf6 8. exf5 Bxg2 9. Rg1 Bf3 10. Rg3 Bb7 11. fxe6 dxe6 12. Qa4+ Bc6 13. Qc2 Bd6
$13 {1/2-1/2 Schneider,A-Forintos,G/Budapest 1979/MCD-ch (13)}) (6. Nf3 Nf6 7.
a3 Bxd2+ 8. Nbxd2 d6 9. O-O e5 10. d5 O-O 11. b4 Nbd7 12. Qc2 Rfc8 13. Rfc1 c6
$6 14. dxc6 Bxc6 15. Nf1 Nf8 16. Ne3 Qb7 17. Nd2 Ne6 18. f3 $16 {1-0
Malisauskas,V-Litus,V/Katowice 1991/EXT 91op (31)}) 6... Bxd2+ $146 (6... f5 7.
exf5 Bxg2 8. Rg1 Bb7 9. Nbc3 Nc6 10. fxe6 dxe6 11. a3 Bxc3 12. Bxc3 Nf6 13. Qc2
(13. Qd2 $5) 13... O-O-O 14. O-O-O Kb8 15. Qd2 g6 16. Qe3 $14 {0-1 Vasiliev,
R-Lempert,I/Moscow 1990/EXT 90 (28)}) 7. Qxd2 Nh6 (7... Nf6 8. e5 Ne4 9. Qc2
$16) 8. Nbc3 O-O 9. O-O d6 (9... f5 10. exf5 (10. e5 d6 $132) 10... Nxf5 11. d5
$1 $36 (11. Bxf5 Rxf5 12. Ng3 (12. d5 $5) 12... Rf8 13. Rae1 d6 $13)) 10. f4
Nd7 (10... f5 11. exf5 Nxf5 12. d5 $1 $16) 11. d5 $1 {[%cal Ge2d4,Gd4c6]} e5
12. f5 $14 f6 (12... Nc5 $2 13. f6) 13. b4 Nf7 14. Bc2 {[%cal Gc2a4]} Kh8 {
[%cal Gf8g8,Gg7g6]} 15. Ba4 a6 (15... Rg8) 16. Rab1 Rg8 17. Rb2 (17. Bxd7 Qxd7
18. c5 bxc5 19. bxc5 c6 20. Na4 Rab8 $1 {nothing for white.}) 17... Nf8 18. Qe3
{[%cal Gc4c5]} a5 $1 (18... g6 $6 19. c5 {with big advantage.}) 19. a3 axb4 20.
axb4 g6 21. Ng3 ({Now} 21. c5 {is not so good in view of} bxc5 22. bxc5 Ba6 {
and black gets good contrchances.}) 21... Bc8 22. Bc6 Ra3 23. Qc1 $1 gxf5 24.
exf5 (24. Rbf2 Rxc3 $1 (24... Rb3 $2 25. Qc2 $1 Ra3 (25... Rxb4 26. Na2 $18)
26. Nxf5 Bxf5 27. Rxf5 Rg6 28. Nb5 $18) 25. Qxc3 f4 26. Nf5 Bxf5 27. exf5 Nh6 {
[%cal Gh6g4,Gg4e3,Gg8g5]} 28. Qh3 Ng4 29. Re2 Ne3 30. Rxe3 fxe3 31. Qxe3 Qg7
$14) (24. Nxf5 Bxf5 25. Rxf5 Ng5 26. Kh1 Ng6 $132) 24... Ng5 $6 (24... Ra6 $8
25. Nce4 Ng5 26. c5 $16) 25. Ba4 $1 {[%csl Ra3]} Bd7 (25... h5 26. Re2 Rxc3 27.
Qxc3 h4 28. Ne4 $18) 26. b5 Be8 27. Re2 Rxc3 28. Qxc3 h5 (28... Nd7 $142 29. h4
Nf7 (29... Nc5 30. hxg5 Nxa4 31. Qc2 Rxg5 32. Ne4 $18) 30. Ne4 Nh6 31. Bd1 {
and white's win only the question of time.}) 29. Rf4 $1 $18 {[%csl Rh5][%cal
Gf4h4]} c6 $6 30. dxc6 (30. bxc6 Qa7 31. Bb5 exf4 32. Qxf6+ Qg7 33. Qxg7+ Kxg7
34. Rxe8 $18) 30... Qa7 31. Rf1 d5 (31... Qxa4 $2 32. Ra1 $18) 32. Rxe5 $1 Nfh7
(32... fxe5 33. Qxe5+ Kh7 (33... Qg7 34. Qxe8 (34. f6 Qf7 35. cxd5 $18) 34...
Qd4+ 35. Kh1 Qxc4 36. Qxh5+ Nfh7 37. Qe2 $1 $18) 34. Qxe8) 33. Rxd5 h4 34. Ne2
h3 35. g3 Bf7 (35... Qxa4 36. Ra1 Nf3+ 37. Kf2 $18) 36. Rd4 Re8 (36... Qxa4 37.
Ra1 Nf3+ 38. Kf2 $18) 37. Bd1 Ne4 38. Qb2 Nc5 39. Nf4 Qe7 40. Qe2 1-0

[Event "Cutro 05th"]
[Site "Cutro"]
[Date "1999.05.02"]
[Round "11"]
[White "Chatalbashev, Boris"]
[Black "Efimov, Igor"]
[Result "1-0"]
[WhiteElo "2524"]
[BlackElo "2494"]
[Annotator "Baburin,A"]
[PlyCount "77"]
[EventDate "1999.04.??"]
[EventType "tourn"]
[EventRounds "11"]
[EventCountry "ITA"]
[EventCategory "10"]
[SourceTitle "CBM 071"]
[Source "ChessBase"]
[SourceDate "1999.08.01"]
[SourceVersion "1"]
[SourceVersionDate "1999.08.01"]
[SourceQuality "1"]

1. d4 e6 2. c4 b6 3. e4 Bb7 4. Bd3 Nc6 5. Ne2 g6 6. Nbc3 Bg7 7. Be3 Nh6 8. Qd2
Ng4 9. Bg5 f6 10. Bh4 Nh6 11. O-O e5 12. d5 Nb4 13. Bb1 Nf7 14. a3 Na6 15. b4
c5 16. Nb5 Nc7 17. bxc5 bxc5 18. Bd3 Nxb5 19. cxb5 O-O 20. Rab1 Bh6 21. Qc3 Rc8
22. f4 c4 23. Bc2 Qe7 24. Rf3 Qd6 25. f5 Ng5 26. Rff1 a6 27. b6 Kh8 28. Bg3 Nf7
29. Kh1 Rg8 30. fxg6 hxg6 31. Rf3 Bg7 32. Rbf1 Rgf8 33. Bh4 f5 34. exf5 Bxd5
35. Rh3 Kg8 36. f6 Bh6 37. Bxg6 Ng5 38. Bxg5 Bxg5 {[%tqu "En","White's attack
is near its conclusion - how would you finish it?","Black's king is stripped
of its pawn shield. If you can shift you queen to the kingside, that would be
too much for Black!","The h3-rook must give way to White's queen and to do it
without allowing Black any time.","h3h8","",3,"h3h8","",0]} 39. Rh8+ $1 (39.
Rh8+ Kxh8 40. Qh3+ Bh6 41. Qxh6+ Kg8 42. Qg7#) 1-0

[Event "RUS-chT 06th"]
[Site "St Petersburg"]
[Date "1999.05.23"]
[Round "8"]
[White "Pigusov, Evgeny"]
[Black "Ivanov, Alexey2"]
[Result "1-0"]
[WhiteElo "2602"]
[BlackElo "2446"]
[Annotator "Baburin,A"]
[PlyCount "47"]
[EventDate "1999.05.16"]
[EventType "team-tourn"]
[EventRounds "9"]
[EventCountry "RUS"]
[SourceTitle "EXT 2020"]
[Source "ChessBase"]
[SourceDate "2019.10.17"]
[SourceVersion "1"]
[SourceVersionDate "2019.10.17"]
[SourceQuality "1"]
[WhiteTeam "Tomsk Siberia"]
[BlackTeam "Vladivostok DVGU"]
[WhiteTeamCountry "RUS"]
[BlackTeamCountry "RUS"]

1. Nf3 c5 2. c4 g6 3. d4 Bg7 4. e4 Qa5+ 5. Nc3 d6 6. d5 Bxc3+ 7. bxc3 Nf6 8.
Qc2 Nxe4 9. Bd3 Nf6 {This is a difficult system to play - for a pawn White
gets a long-lasting pressure, while Black may hope to defend and then
capitalise on his material advantage.} 10. O-O O-O 11. Bg5 Kg7 12. Rae1 Qd8 13.
Re3 Nbd7 (13... e5 $5) 14. Rfe1 Re8 15. h3 Ng8 16. Bh4 Ndf6 17. Ng5 $1 Bd7 18.
Rg3 Rf8 {[%tqu "En","White has mobilised all his pieces. How can he use them
now?","First of all, White needs to make holes in Black's pawn shield on the
kingside - it's too hard to attack a monolith.","White should not be afraid to
sacrifice some material, as he enjoys a great advantage in force on the
kingside. Besides, some of Black's pieces won't join the action for a long
time.","g5h7","This is a classical example of how destroying the opponent's
pawn cover greatly increases the power of one's attacking pieces. This is an
intuitive sacrifice, as White is unlikely to calculate everything. Instead, he
should trust that with so many of his pieces near the vulnerable enemy king,
his attack will be victorious.",10]} 19. Nxh7 $3 Kxh7 20. Bxg6+ Kh8 21. Bd3 $18
{Now all White needs is to shift his queen to the kingside. Black is helpless.}
Nh5 (21... e5 $2 22. Qc1 $18) 22. Rg5 Ng7 (22... Ngf6 23. Qd2 $18 Ng7 24. Rg3
Ng8 25. Qg5) 23. Qd1 f6 (23... Nf6 24. Qf3 Rg8 25. Qf4 $18) 24. Rh5+ $1 (24.
Rh5+ Nxh5 25. Qxh5+ Nh6 26. Qxh6+ Kg8 27. Qh7#) 1-0

[Event "Balatonbereny op"]
[Site "Balatonbereny"]
[Date "1995.??.??"]
[Round "3"]
[White "Straeter, Timo"]
[Black "Barczay, Laszlo"]
[Result "1-0"]
[WhiteElo "2310"]
[BlackElo "2425"]
[Annotator "Bangiev,A"]
[PlyCount "61"]
[EventDate "1995.??.??"]
[EventType "swiss"]
[EventRounds "9"]
[EventCountry "HUN"]
[SourceTitle "CBM 049 Extra"]
[Source "ChessBase"]
[SourceDate "1996.01.01"]
[SourceVersion "1"]
[SourceVersionDate "1996.01.01"]
[SourceQuality "1"]

1. d4 g6 2. Nf3 Bg7 3. Bf4 c5 4. c3 Qb6 $5 {[%csl Yd4,Rb2]} 5. Qc2 {[%csl Gb2,
Yc8]} cxd4 (5... d6 $5 6. e3 Nf6 7. Nbd2 O-O 8. h3 Nfd7 9. Be2 Nc6 $132 {
[%csl Yd4,Ye5]}) 6. cxd4 Nc6 {[%csl Rd4]} 7. e3 Nf6 {[%csl Yd5,Ye4]} 8. Nc3 d6
{[%csl Ye5]} 9. Be2 O-O 10. O-O Bf5 11. Qd2 Ne4 $5 12. Nxe4 Bxe4 $143 $10 13.
d5 $6 {[%csl Yd4][%cal Yg7b2]} (13. Rfc1 Rfc8 (13... Nb4 14. a3 Nd5 15. Bg3
Rfc8 16. Ne1 $14) 14. Ne1 e5 $5 {[%csl Rd4]} (14... Bd5 15. Nd3 $143 $10) 15.
dxe5 dxe5 16. Bg3 {[%csl Yd6,Ye5]} Rd8 17. Qc3 Rac8 $13) 13... Bxf3 $5 {
Ein freiwilliger Abtausch des Läufers g4, mit der Idee die Kontrolle über der
Felder d4 und e5 zu versichern.} 14. Bxf3 Ne5 (14... Na5 $5 {[%csl Yc4]} 15.
Be2 Rfc8 16. Rab1 (16. Rfc1 Qxb2 17. Rxc8+ Rxc8 18. Qxb2 Bxb2 $17) 16... Nc4
17. Bxc4 Rxc4 18. Rfc1 Rac8 $143 $36 {[%csl Yd5]}) 15. Be2 Rfc8 16. Rac1 Nd7
17. b3 h5 (17... a5 $5 18. Bg4 Rxc1 19. Rxc1 Nc5 $143 $36) 18. Rc2 Rc5 (18...
Nc5 19. Rfc1 (19. b4 Ne4 20. Qd3 Qxb4 21. Rxc8+ Rxc8 22. Rb1 Qxb1+ 23. Qxb1 Nc3
24. Qxb7 (24. Qd3 Nxe2+ 25. Qxe2 Rc1+ 26. Qf1 Rxf1+ 27. Kxf1 $17) 24... Nxe2+
25. Kf1 Rc2 26. Qxe7 Nc3 $5 $132 (26... Nxf4 27. Qe8+ $1 Kh7 28. exf4 $16))
19... a5 20. h3 Qb4 $132) (18... a5 $5) 19. b4 $6 (19. Rfc1 Rac8 20. h3 a5 $143
$36) 19... Rxc2 20. Qxc2 {[%csl Yb4]} a5 $5 (20... Qxb4 $2 21. Rb1 $16 {
[%csl Rb4,Rb7]}) 21. a3 axb4 22. axb4 $15 {[%csl Ya1,Yb4][%cal Ya8a2,Yg7b2]}
Qxb4 $6 (22... Nf8 $6 23. Rb1 (23. e4 Qxb4 24. Rb1 Ra1 $17)) (22... Bf6 $5 {
[%csl Ge7,Yb4,Yg5]} 23. h3 (23. Rb1 $2 g5 24. Bg3 h4 $17) (23. e4 Qxb4 24. Qc7
Nc5 $17) 23... Qxb4 24. Qc7 (24. Rb1 Qxb1+ 25. Qxb1 Ra1 26. Qxa1 Bxa1 $17)
24... Nc5 $17) 23. Qc7 Nf6 $6 (23... Qa4 $5 24. Qxb7 (24. Rb1 Bf6 $5 25. Bb5 $2
Qxb5 $1 $17 26. Rxb5 $2 Ra1+ $19) 24... Rb8 (24... Bf6 $2 25. Bb5) 25. Qc6 (25.
Qc7 Bf6) 25... Nc5 $10) 24. Qxe7 Nxd5 25. Qxd6 Qa5 $6 (25... Qxd6 26. Bxd6 Ra1
27. Bf3 $16) 26. Qd7 $1 $36 {[%csl Yb7,Yd5,Yf7]} Nxf4 27. exf4 Qb4 28. f5 $1 {
[%csl Yb7,Yf7,Yg6]} Ra5 $6 (28... Ra1 29. fxg6 (29. Qe8+ Qf8 $10) (29. Qc8+ Kh7
30. fxg6+ fxg6 31. Bc4 Rxf1+ 32. Kxf1 Qb1+ $10) 29... Rxf1+ 30. Bxf1 fxg6 $10)
29. fxg6 fxg6 30. Bd3 {[%csl Rg6]} Qb6 $2 (30... Kh7 $142 31. Qf7 $36) 31. Bxg6
$1 (31. Bxg6 Qxg6 32. Qd8+ Kh7 33. Qxa5 $18) 1-0

[Event "Tan Chin Nam Cup 3rd "]
[Site "Beijing"]
[Date "1997.08.20"]
[Round "11"]
[White "Pigusov, Evgeny"]
[Black "Sermek, Drazen"]
[Result "1/2-1/2"]
[WhiteElo "2560"]
[BlackElo "2565"]
[Annotator "Bangiev,A"]
[PlyCount "31"]
[EventDate "1997.08.11"]
[EventType "tourn"]
[EventRounds "11"]
[EventCountry "CHN"]
[EventCategory "12"]
[SourceTitle "CBM 061"]
[Source "ChessBase"]
[SourceDate "1997.11.23"]
[SourceVersion "1"]
[SourceVersionDate "1997.11.23"]
[SourceQuality "1"]

1. Nf3 c5 2. c4 g6 3. d4 Bg7 4. e4 Qa5+ 5. Nc3 d6 6. d5 Bxc3+ 7. bxc3 Nf6 8.
Qc2 Nxe4 9. Bd3 Nf6 10. O-O O-O (10... Bg4 11. Ng5 Nbd7 12. Rb1 Qa6 13. a3 Bf5
14. Bxf5 gxf5 15. Rb5 h6 {1/2-1/2 Wojtkiewicz,A-Ehrenfeucht,W/POL-chT
Lubniewice 1995/EXT 95ch}) 11. Bg5 $146 (11. Re1 Qd8 12. Bg5 Kg7 13. Qd2 Ng8
14. Re4 f6 15. Be3 Nd7 16. Rh4 Rf7 17. Re1 Ne5 18. Nxe5 fxe5 19. f4 exf4 20.
Bxf4 Bf5 21. Bxf5 Rxf5 22. Bg5 Rf7 23. Re6 Qf8 24. h3 {1/2-1/2 Vaganian,
R-Chekhov,V/URS-ch58 Moscow 1991/URS-ch}) (11. Nh4 Nbd7 12. f4 b5 13. cxb5 c4
14. Bxc4 Bb7 15. Qd3 Rfc8 16. Re1 Nb6 17. Rxe7 Rxc4 18. Rxb7 Qxb5 19. Ba3 Qa6
20. Rc7 Nfxd5 21. Rxc4 Qxc4 22. Qf3 Nxc3 23. Bb2 Rc8 24. Re1 Nbd5 25. Qg4 Nf6 {
Tal,M-Chekhov,V/URS-ch58 Moscow 1991/URS-ch/0-1 (41)}) (11. Ng5 b5 12. cxb5 a6
13. bxa6 Nxa6 14. Qe2 Qc7 15. Re1 Ra7 16. Bd2 Bg4 17. f3 Bc8 18. Bc4 Nb8 19. f4
h6 20. Ne4 Nbd7 21. Nxf6+ exf6 22. Bd3 Kg7 23. c4 f5 24. a4 Nb8 25. Bc3+ f6 26.
h3 Qd7 27. Qb2 Rb7 28. Qd2 Na6 29. a5 Nb4 30. Bf1 Qc7 31. Kh2 Rf7 32. Re8 Re7
33. Re1 Rxe8 34. Rxe8 Qxa5 35. Rxc8 {1-0 Carlson,M-Berglund,J/Rilton Cup9495
1994/EXP 45}) 11... Kg7 12. Rae1 Qd8 (12... Re8 13. Re3 {/\Rfe1 -> Pe7}) 13.
Nd2 (13. Qd2 Ng8 $1) 13... Nbd7 14. f4 a6 15. Rf3 (15. f5 Ne5 16. fxg6 fxg6 $15
) 15... Ng8 $1 16. Bh4 $44 1/2-1/2